01120nam a2200193Ia 4500001001100000003001000011008004100021040002500062041001300087100001600100245005900116250001100175260007000186300001200256500026200268501011400530520026200644650002000906L610-26425IT-CnALBA170116s9999||||xx |||||||||||||| ||und|| aIT-CnALBAcIT-CnALBA aITALIANO aGALIMARD B. 0aGUIDA MEDICA DELLE VOCAZIONI SACERDOTALI E RELIGIOSE.  a2a ed. aMILANObVITA E PENSIERO. SOCIETÀ EDITRICEc1952 [1° Ed.: n.d.] a356 p.  aTRADUZIONE DAL FRANCESE DI BARRA G. PRESENZA DEL CORPO NELLA VITA SOCIALE. UNITÀ DELLA NATURA UMANA. NATURA E SPIRITO. REGOLE CANONICHE. EREDITARIETA'. TEMPERAMENTO. COSTITUZIONE MENTALE. IL PASSATO PERSONALE. ATTITUDINI. DECISIONE DELL'ENTRATA IN RELIGIO aSocietà San Paolo EM - Piazza San Paolo, 14 - 12051 ALBA (CN) (non commercial uses only) ® Copyright 2017 aTRADUZIONE DAL FRANCESE DI BARRA G. PRESENZA DEL CORPO NELLA VITA SOCIALE. UNITÀ DELLA NATURA UMANA. NATURA E SPIRITO. REGOLE CANONICHE. EREDITARIETA'. TEMPERAMENTO. COSTITUZIONE MENTALE. IL PASSATO PERSONALE. ATTITUDINI. DECISIONE DELL'ENTRATA IN RELIGIO aSCIENZE MEDICHE